[Event "Abe Yanofsky mem."]
[Site "Winnipeg CAN"]
[Date "2025.08.30"]
[Round "2.10"]
[White "Lake, Pablo"]
[Black "Wang, Lucas"]
[Result "1-0"]
[WhiteElo "1752"]
[BlackElo "1884"]
[WhiteFideId "-1"]
[WhiteFideId "-1"]
[PlyCount "113"]
[GameId "2226107611590687"]
[EventDate "2025.08.30"]
[EventType "swiss"]
[EventRounds "5"]
[EventCountry "CAN"]

1. e4 c5 2. Nc3 d6 3. g3 Nc6 4. Bg2 g6 5. d3 Bg7 6. Nf3 e6 7. O-O Nge7 8. Bd2 O-O 9. Qc1 Re8 10. Re1 Bd7 11. Bh6 Bh8 12. Qf4 e5 13. Qh4 Nd4 14. Rac1 Nec6 15. Bg5 f6 16. Bd2 Rc8 17. Nd5 Be6 18. c3 Nxf3+ 19. Bxf3 g5 20. Qh5 Bf7 21. Qh3 Ne7 22. Bg4 Ra8 23. Be6 Rf8 24. f4 Nxd5 25. exd5 gxf4 26. gxf4 Qe7 27. Kh1 Bxe6 28. dxe6 Bg7 29. f5 Kh8 30. Rg1 Rg8 31. Rg4 Bf8 32. Rcg1 Rxg4 33. Qxg4 Bg7 34. h4 Qf8 35. h5 Re8 36. Qg3 Re7 37. Qe3 Qe8 38. Qh3 h6 39. Rg6 Kh7 40. Qf1 Qa4 41. c4 Qc2 42. Rg2 Qa4 43. Qf3 e4 44. Qg4 exd3 45. Bxh6 Qb4 46. Bxg7 Qe1+ 47. Rg1 Qxg1+ 48. Qxg1 Rxg7 49. Qe3 Rg5 50. e7 Rxf5 51. Qxd3 Kg7 52. Qxf5 Kf7 53. Qd7 Kg7 54. e8=N+ Kh6 55. Qg7+ Kxh5 56. Nxf6+ Kh4 57. Qg4# 1-0

[Event "Abe Yanofsky mem."]
[Site "Winnipeg CAN"]
[Date "2025.08.30"]
[Round "2.11"]
[White "Zhang, Ian"]
[Black "Pottinger, Carl"]
[Result "1/2-1/2"]
[WhiteElo "1845"]
[BlackElo "1720"]
[WhiteFideId "-1"]
[WhiteFideId "-1"]
[PlyCount "104"]
[GameId "2226107611590688"]
[EventDate "2025.08.30"]
[EventType "swiss"]
[EventRounds "5"]
[EventCountry "CAN"]

1. e4 c5 2. Nc3 Nc6 3. f4 g6 4. Nf3 Bg7 5. Bc4 e6 6. O-O Nge7 7. d3 Na5 8. Bb3 Nec6 9. f5 O-O 10. fxg6 fxg6 11. Bg5 Bf6 12. Bxf6 Qxf6 13. Qd2 Nxb3 14. axb3 Qg7 15. Ng5 h6 16. Rxf8+ Qxf8 17. Rf1 Qg7 18. Nh3 Nd4 19. Nf2 h5 20. Nh3 d6 21. Ng5 Nc6 22. Nb5 Ne5 23. Nxd6 Bd7 24. Ngf7 Rf8 25. Nxe5 Rxf1+ 26. Kxf1 Qxe5 27. Nc4 Qxh2 28. Qg5 Be8 29. Qxc5 Qf4+ 30. Kg1 Qc1+ 31. Kh2 Qf4+ 32. g3 Qg4 33. Qf2 Qg5 34. Nd6 Qe7 35. Nxe8 Qxe8 36. Qxa7 Qe7 37. Qf2 Kh7 38. d4 Qg5 39. c4 Qg4 40. e5 b6 41. d5 exd5 42. cxd5 Qe4 43. e6 Qxd5 44. e7 Qe6 45. Kg2 Qxe7 46. Qxb6 Qe2+ 47. Qf2 Qe4+ 48. Kh2 Qe6 49. b4 Qb3 50. Qd2 Qc4 51. Kg1 Qg4 52. Kg2 h4 1/2-1/2

[Event "Abe Yanofsky mem."]
[Site "Winnipeg CAN"]
[Date "2025.08.30"]
[Round "2.12"]
[White "Moleta, Johan"]
[Black "Moeez, Abdul"]
[Result "1-0"]
[WhiteElo "1813"]
[BlackElo "1906"]
[WhiteFideId "-1"]
[WhiteFideId "-1"]
[PlyCount "53"]
[GameId "2226107611594785"]
[EventDate "2025.08.30"]
[EventType "swiss"]
[EventRounds "5"]
[EventCountry "CAN"]

1. Nf3 d5 2. d4 Nf6 3. c4 e6 4. g3 Bb4+ 5. Bd2 Qe7 6. Bg2 Ne4 7. a3 Bxd2+ 8. Nbxd2 Nc6 9. Rc1 h5 10. h4 Qf6 11. e3 Nd6 12. cxd5 exd5 13. Qb3 Ne7 14. Rxc7 Nc6 15. Qxd5 O-O 16. Ne4 Nxe4 17. Qxe4 Qd6 18. Qf4 Qd8 19. O-O f6 20. d5 Ne5 21. Rc3 Qxd5 22. Nxe5 Qxe5 23. Qxe5 fxe5 24. Rc7 Rb8 25. Re7 Rd8 26. Rc1 Rd7 27. Re8+ 1-0

[Event "Abe Yanofsky mem."]
[Site "Winnipeg CAN"]
[Date "2025.08.31"]
[Round "3.1"]
[White "Jodar, Marlon"]
[Black "Burrows, Zachary"]
[Result "1-0"]
[WhiteElo "2323"]
[BlackElo "2069"]
[WhiteFideId "-1"]
[WhiteFideId "-1"]
[PlyCount "99"]
[GameId "2226107611594786"]
[EventDate "2025.08.30"]
[EventType "swiss"]
[EventRounds "5"]
[EventCountry "CAN"]

1. e4 c5 2. Nf3 Nc6 3. d4 cxd4 4. Nxd4 Nf6 5. Nc3 g6 6. Nxc6 dxc6 7. Qxd8+ Kxd8 8. Bf4 Bg7 9. O-O-O+ Ke8 10. Bc4 b5 11. Bxb5 cxb5 12. Nxb5 Nd7 13. Nc7+ Kd8 14. Nxa8 Bb7 15. Nc7 e5 16. Nb5 exf4 17. Nd6 Bc6 18. Nxf7+ Kc7 19. Nxh8 Bxh8 20. Rhe1 Ne5 21. c3 Bf6 22. Kc2 Ng4 23. Rd2 Ne5 24. f3 Nc4 25. Rd3 Bh4 26. Re2 Bb5 27. a4 Ba6 28. Red2 Nxd2 29. Rxd2 Bb7 30. b4 Bf6 31. Kb3 g5 32. h3 h5 33. c4 Be5 34. c5 Bc8 35. b5 g4 36. hxg4 hxg4 37. a5 gxf3 38. gxf3 Be6+ 39. Kb4 Bg7 40. Rg2 Bd4 41. Rg6 Bh3 42. b6+ axb6 43. axb6+ Kb7 44. Rh6 Bf1 45. Rh7+ Kb8 46. Rd7 Bf2 47. c6 Bxb6 48. Rb7+ Kc8 49. Rxb6 Kc7 50. Kc5 1-0

[Event "Abe Yanofsky mem."]
[Site "Winnipeg CAN"]
[Date "2025.08.31"]
[Round "3.2"]
[White "Anderson, Collin"]
[Black "Gres, Yakiv"]
[Result "1-0"]
[WhiteElo "2174"]
[BlackElo "2032"]
[WhiteFideId "-1"]
[WhiteFideId "-1"]
[PlyCount "87"]
[GameId "2226107611594787"]
[EventDate "2025.08.30"]
[EventType "swiss"]
[EventRounds "5"]
[EventCountry "CAN"]

1. e4 e5 2. Nf3 Nc6 3. Bc4 Nf6 4. Ng5 d5 5. exd5 Nd4 6. c3 b5 7. Bf1 Nxd5 8. cxd4 Qxg5 9. Bxb5+ Kd8 10. O-O Bb7 11. Qf3 Rb8 12. d3 Qg6 13. Qg3 exd4 14. Re1 Bd6 15. Qxg6 hxg6 16. g3 Nb4 17. Na3 a6 18. Bc4 Kd7 19. h4 c5 20. Bd2 Nd5 21. Bb3 Bc6 22. Nc4 f6 23. Re2 Rbe8 24. Rxe8 Rxe8 25. Re1 Rxe1+ 26. Bxe1 Bc7 27. a3 Ke6 28. Kf1 Kf5 29. Ke2 Kg4 30. Na5 Ba8 31. Bc4 Nb6 32. Bxa6 Bf3+ 33. Kf1 Na4 34. Nc4 Bd5 35. b4 cxb4 36. axb4 Kf5 37. Bc8+ Be6 38. g4+ Kxg4 39. Bxe6+ Kxh4 40. b5 Nc5 41. Bf7 Nxd3 42. b6 Bxb6 43. Nxb6 Ne5 44. f4+ 1-0

[Event "Abe Yanofsky mem."]
[Site "Winnipeg CAN"]
[Date "2025.08.31"]
[Round "3.3"]
[White "De Groot, Steven"]
[Black "Protsyuk, Svitlana"]
[Result "0-1"]
[WhiteElo "1936"]
[BlackElo "2071"]
[WhiteFideId "-1"]
[WhiteFideId "-1"]
[PlyCount "50"]
[GameId "2226107611598884"]
[EventDate "2025.08.30"]
[EventType "swiss"]
[EventRounds "5"]
[EventCountry "CAN"]

1. Nf3 c5 2. d4 cxd4 3. Nxd4 d5 4. g3 e5 5. Nb3 Be6 6. Bg2 Nc6 7. O-O f5 8. a4 Be7 9. Nc3 d4 10. Nb5 a6 11. Na3 Nf6 12. e3 Bxb3 13. cxb3 d3 14. Bxc6+ bxc6 15. Qf3 Qd7 16. Nc4 e4 17. Qf4 Nd5 18. Qe5 O-O 19. g4 Rae8 20. Qg3 fxg4 21. Ne5 Qe6 22. Nxg4 Rf3 23. Qg2 h5 24. h3 hxg4 25. hxg4 Ref8 0-1

[Event "Abe Yanofsky mem."]
[Site "Winnipeg CAN"]
[Date "2025.08.31"]
[Round "3.4"]
[White "Rutter, Blair"]
[Black "Salkeld, Tobias"]
[Result "0-1"]
[WhiteElo "1931"]
[BlackElo "2217"]
[WhiteFideId "-1"]
[WhiteFideId "-1"]
[PlyCount "88"]
[GameId "2226107611598885"]
[EventDate "2025.08.30"]
[EventType "swiss"]
[EventRounds "5"]
[EventCountry "CAN"]

1. c4 f5 2. g3 Nf6 3. Bg2 e5 4. d3 Nc6 5. Nc3 Bb4 6. Bg5 h6 7. Bxf6 Bxc3+ 8. bxc3 Qxf6 9. Qc2 d6 10. Rb1 O-O 11. Nf3 Rb8 12. O-O b6 13. Nd2 Nd8 14. Qa4 a5 15. Qc2 Bb7 16. e4 f4 17. f3 fxg3 18. hxg3 Qg5 19. Kf2 Ne6 20. Rh1 Rf6 21. Nf1 Rbf8 22. Qe2 Bc6 23. Qe3 Qg6 24. Nd2 Ng5 25. Rbg1 Qf7 26. Ke2 Ne6 27. Rf1 Qg6 28. Kf2 Nc5 29. Rhg1 Qg4 30. Rh1 Rg6 31. Rh3 Ba4 32. Ke2 Qe6 33. d4 Nd7 34. Rc1 Qf7 35. g4 Bc6 36. Rg3 Rg5 37. Rf1 Bb7 38. Rh1 Ba6 39. d5 Nf6 40. Rf1 Nh5 41. Rh3 Nf4+ 42. Kf2 Nxh3+ 43. Bxh3 Qd7 44. Kg3 Qa4 0-1

[Event "Abe Yanofsky mem."]
[Site "Winnipeg CAN"]
[Date "2025.08.31"]
[Round "3.5"]
[White "Zhou, Joe"]
[Black "Hamm, Gabriel"]
[Result "0-1"]
[WhiteElo "1927"]
[BlackElo "2059"]
[WhiteFideId "-1"]
[WhiteFideId "-1"]
[PlyCount "49"]
[GameId "2226107611598886"]
[EventDate "2025.08.30"]
[EventType "swiss"]
[EventRounds "5"]
[EventCountry "CAN"]

1. Nf3 Nf6 2. c4 e6 3. Nc3 d5 4. e3 c5 5. cxd5 exd5 6. d4 Nc6 7. Be2 Be7 8. dxc5 Bxc5 9. O-O O-O 10. b3 Re8 11. Bb2 Be6 12. Rc1 Qe7 13. Nb5 Ne4 14. Nbd4 Bd7 15. Bd3 Rad8 16. Nxc6 Bxc6 17. Nd4 Bd7 18. Qe2 a6 19. Rc2 Bd6 20. Rfc1 Qh4 21. Nf3 Qh5 22. Kf1 Bxh2 23. Nxh2 Qxh2 24. Qf3 h5 25. g3 0-1

[Event "Abe Yanofsky mem."]
[Site "Winnipeg CAN"]
[Date "2025.08.31"]
[Round "3.6"]
[White "Bertrand, Nathanael"]
[Black "Bilugan, Mason"]
[Result "1-0"]
[WhiteElo "1925"]
[BlackElo "2003"]
[WhiteFideId "-1"]
[WhiteFideId "-1"]
[PlyCount "35"]
[GameId "2226107611602983"]
[EventDate "2025.08.30"]
[EventType "swiss"]
[EventRounds "5"]
[EventCountry "CAN"]

1. e4 e6 2. b3 c5 3. Nc3 Nc6 4. Bb5 Nge7 5. Bb2 Nd4 6. Nf3 a6 7. Bd3 Nec6 8. Nxd4 cxd4 9. Ne2 d5 10. O-O Bc5 11. Nf4 g5 12. Nh5 Rg8 13. exd5 Ne5 14. Qe2 Nxd3 15. Qxd3 Rg6 16. Bxd4 Bxd4 17. Qxd4 Qxd5 18. Nf6+ 1-0

[Event "Abe Yanofsky mem."]
[Site "Winnipeg CAN"]
[Date "2025.08.31"]
[Round "3.7"]
[White "Punay, Rhailey"]
[Black "Lake, Pablo"]
[Result "1-0"]
[WhiteElo "1993"]
[BlackElo "1752"]
[WhiteFideId "-1"]
[WhiteFideId "-1"]
[PlyCount "95"]
[GameId "2226107611602984"]
[EventDate "2025.08.30"]
[EventType "swiss"]
[EventRounds "5"]
[EventCountry "CAN"]

1. e4 e6 2. d3 c5 3. Nf3 Nc6 4. g3 d5 5. Nbd2 Nf6 6. Bg2 Be7 7. O-O O-O 8. Re1 Re8 9. e5 Nd7 10. Nf1 Qc7 11. Bf4 b5 12. h4 Nf8 13. g4 Nd4 14. h5 h6 15. N1h2 Nh7 16. Qd2 Nxf3+ 17. Nxf3 Qd8 18. c3 Rb8 19. b4 c4 20. d4 Ng5 21. Nxg5 Bxg5 22. Be3 Bxe3 23. Rxe3 a5 24. a3 Ra8 25. Rb1 axb4 26. axb4 Re7 27. Rg3 Rea7 28. g5 hxg5 29. Rxg5 f6 30. exf6 Qxf6 31. Re1 Ra1 32. Rg3 R8a2 33. Qe3 Rxe1+ 34. Qxe1 Bd7 35. Qe3 Kh7 36. Bh3 Qh6 37. Qe5 Qf6 38. Qe3 Qh6 39. Qf3 Qf6 40. Qg2 Be8 41. Rf3 Qe7 42. Qg4 Bf7 43. Qf4 Bxh5 44. Re3 Bf7 45. Bg4 Kg8 46. Qb8+ Kh7 47. Rh3+ Kg6 48. Bh5+ 1-0

[Event "Abe Yanofsky mem."]
[Site "Winnipeg CAN"]
[Date "2025.08.31"]
[Round "3.8"]
[White "Moleta, Johan"]
[Black "Nagelberg, Alan"]
[Result "1-0"]
[WhiteElo "1813"]
[BlackElo "1961"]
[WhiteFideId "-1"]
[WhiteFideId "-1"]
[PlyCount "145"]
[GameId "2226107611602985"]
[EventDate "2025.08.30"]
[EventType "swiss"]
[EventRounds "5"]
[EventCountry "CAN"]

1. Nf3 d5 2. d4 c5 3. c4 dxc4 4. Qa4+ Bd7 5. Qxc4 cxd4 6. Nxd4 e5 7. Nf3 Nf6 8. Nc3 Nc6 9. Bg5 Rc8 10. e3 Bb4 11. Nxe5 Bxc3+ 12. Qxc3 Be6 13. Nxc6 bxc6 14. Qa3 Qd5 15. Bxf6 gxf6 16. Rd1 Qe4 17. f3 Qe5 18. Kf2 Rg8 19. Be2 Qg5 20. g3 a5 21. f4 Qf5 22. Bd3 Qh5 23. Be4 h6 24. Bf3 Qb5 25. Rd2 h5 26. Rhd1 h4 27. Qc3 hxg3+ 28. hxg3 Qf5 29. Bxc6+ Kf8 30. Qa3+ Kg7 31. Bf3 Rh8 32. Qd3 Rh2+ 33. Kg1 Rxd2 34. Rxd2 Rc1+ 35. Kf2 Qh3 36. Bg2 Qh2 37. Rd1 Bh3 38. Rxc1 Bxg2 39. Ke1 Qxg3+ 40. Kd2 Bf3 41. Kc3 Qg2 42. Qf1 Qg4 43. Qg1 Qxg1 44. Rxg1+ Kf8 45. a3 Ke7 46. b4 axb4+ 47. Kxb4 Kd6 48. Rg8 f5 49. a4 Be2 50. Rf8 Bh5 51. Rc8 Be2 52. Ka5 Kd5 53. Kb6 Ke4 54. Re8+ Kf3 55. a5 Bd3 56. a6 Be4 57. a7 Kxe3 58. a8=Q Kxf4 59. Qb8+ Kf3 60. Qe5 f6 61. Qxf6 Kf4 62. Rh8 Ke3 63. Rh3+ Kf4 64. Kc5 Bg2 65. Rh4+ Kg3 66. Qg5+ Kf2 67. Rf4+ Kg1 68. Rxf5 Kh2 69. Rf2 Kh3 70. Qxg2+ Kh4 71. Qh2+ Kg5 72. Qg3+ Kh5 73. Rh2# 1-0

[Event "Abe Yanofsky mem."]
[Site "Winnipeg CAN"]
[Date "2025.08.31"]
[Round "3.9"]
[White "Hui, Zelus"]
[Black "Vaughan, Nathan"]
[Result "0-1"]
[WhiteElo "1753"]
[BlackElo "1951"]
[WhiteFideId "-1"]
[WhiteFideId "-1"]
[PlyCount "50"]
[GameId "2226107611607082"]
[EventDate "2025.08.30"]
[EventType "swiss"]
[EventRounds "5"]
[EventCountry "CAN"]

1. c4 e5 2. g3 Nc6 3. Bg2 Bc5 4. Nc3 Nf6 5. e3 O-O 6. Nge2 d5 7. cxd5 Nb4 8. O-O Nbxd5 9. Nxd5 Nxd5 10. Qc2 Bb6 11. Qe4 c6 12. Qxe5 Bg4 13. Bxd5 cxd5 14. Nf4 Bf3 15. b3 Re8 16. Qf5 g6 17. Qb1 Qd7 18. h4 h6 19. Kh2 g5 20. hxg5 hxg5 21. Ng2 Kg7 22. Bb2+ d4 23. Rg1 Rh8+ 24. Nh4 Qg4 25. Rg2 Rxh4+ 0-1

[Event "Abe Yanofsky mem."]
[Site "Winnipeg CAN"]
[Date "2025.08.31"]
[Round "3.10"]
[White "Pottinger, Carl"]
[Black "Bonness, Will"]
[Result "1/2-1/2"]
[WhiteElo "1720"]
[BlackElo "1910"]
[WhiteFideId "-1"]
[WhiteFideId "-1"]
[PlyCount "61"]
[GameId "2226107611607083"]
[EventDate "2025.08.30"]
[EventType "swiss"]
[EventRounds "5"]
[EventCountry "CAN"]

1. d4 d5 2. Nf3 Nf6 3. Bf4 c5 4. e3 Bf5 5. dxc5 Nc6 6. Nd4 Nxd4 7. exd4 a6 8. c3 e6 9. Qa4+ Nd7 10. Be2 Be7 11. O-O O-O 12. Nd2 e5 13. Be3 e4 14. b4 Nf6 15. Qb3 Qc7 16. a4 Rad8 17. b5 Ng4 18. Bxg4 Bxg4 19. f3 exf3 20. Nxf3 h5 21. Ne5 Be6 22. Rab1 Bxc5 23. bxa6 bxa6 24. Qb7 Bd6 25. Qxc7 Bxc7 26. Nc6 Ra8 27. Rb2 Bd6 28. Bf4 Rfc8 29. Bxd6 Rxc6 30. Bc5 Rac8 31. Bb4 1/2-1/2

[Event "Abe Yanofsky mem."]
[Site "Winnipeg CAN"]
[Date "2025.08.31"]
[Round "3.11"]
[White "Kuryliw, Ray"]
[Black "Zhang, Ian"]
[Result "1-0"]
[WhiteElo "1905"]
[BlackElo "1845"]
[WhiteFideId "-1"]
[WhiteFideId "-1"]
[PlyCount "77"]
[GameId "2226107611607084"]
[EventDate "2025.08.30"]
[EventType "swiss"]
[EventRounds "5"]
[EventCountry "CAN"]

1. d4 d5 2. Bf4 Nf6 3. e3 Bf5 4. f3 h5 5. Nc3 a6 6. Bd3 Bxd3 7. cxd3 e6 8. Rc1 Bd6 9. Nh3 Bxf4 10. Nxf4 Nbd7 11. O-O c6 12. Qd2 Qc7 13. Na4 O-O-O 14. Nc5 Nxc5 15. Rxc5 Kb8 16. b4 Qb6 17. a4 Nd7 18. Rc2 e5 19. Ne2 f6 20. Rb1 Qa7 21. b5 cxb5 22. axb5 a5 23. b6 Nxb6 24. Rcb2 Rd6 25. dxe5 fxe5 26. Nc3 Rc6 27. Nb5 Qa6 28. Qf2 Rhc8 29. Qg3 a4 30. Qxe5+ Ka8 31. Qd4 Qa5 32. Kf2 Rc2+ 33. Kg3 Qd2 34. Rxc2 Rxc2 35. Qxb6 Qxg2+ 36. Kf4 Qxh2+ 37. Kf5 Qh3+ 38. Ke5 Qg3+ 39. f4 1-0

[Event "Abe Yanofsky mem."]
[Site "Winnipeg CAN"]
[Date "2025.08.31"]
[Round "3.12"]
[White "Wang, Lucas"]
[Black "Atem, James"]
[Result "1-0"]
[WhiteElo "1884"]
[BlackElo "1815"]
[WhiteFideId "-1"]
[WhiteFideId "-1"]
[PlyCount "89"]
[GameId "2226107611611181"]
[EventDate "2025.08.30"]
[EventType "swiss"]
[EventRounds "5"]
[EventCountry "CAN"]

1. d4 d5 2. Bf4 Nf6 3. e3 e6 4. Nf3 Nbd7 5. Bd3 c5 6. c3 Qb6 7. Qc2 c4 8. Be2 Be7 9. Nbd2 O-O 10. O-O h6 11. b3 cxb3 12. axb3 Nh5 13. Be5 f5 14. Ne1 Nhf6 15. f4 g6 16. Nd3 Ne4 17. Nxe4 fxe4 18. Nf2 h5 19. g4 Nxe5 20. fxe5 h4 21. Nxe4 dxe4 22. Qxe4 Kh7 23. Bd3 Rf5 24. gxf5 exf5 25. Qd5 Be6 26. Qa5 Qxa5 27. Rxa5 a6 28. Bc4 Bxc4 29. bxc4 Rc8 30. c5 Bd8 31. Ra3 b6 32. cxb6 Bxb6 33. Rb1 Bd8 34. Rb7+ Kh6 35. e6 Bg5 36. Kf2 a5 37. d5 f4 38. e4 Bf6 39. d6 g5 40. e7 Rg8 41. e5 Bxe5 42. d7 g4 43. e8=Q g3+ 44. hxg3 hxg3+ 45. Kf3 1-0

[Event "Abe Yanofsky mem."]
[Site "Winnipeg CAN"]
[Date "2025.08.31"]
[Round "4.2"]
[White "Burrows, Zachary"]
[Black "Anderson, Collin"]
[Result "0-1"]
[WhiteElo "2069"]
[BlackElo "2174"]
[WhiteFideId "-1"]
[WhiteFideId "-1"]
[PlyCount "60"]
[GameId "2226107611611183"]
[EventDate "2025.08.30"]
[EventType "swiss"]
[EventRounds "5"]
[EventCountry "CAN"]

1. e4 c5 2. Nc3 Nc6 3. f4 e6 4. Nf3 d5 5. Bb5 Nf6 6. Bxc6+ bxc6 7. e5 Nd7 8. O-O Be7 9. Qe1 O-O 10. d3 Qc7 11. g4 f6 12. exf6 Nxf6 13. h3 Bd6 14. Ne2 Bd7 15. c3 Rae8 16. Ne5 Bc8 17. Ng3 Ba6 18. Rf3 Bxe5 19. fxe5 Nd7 20. Rxf8+ Rxf8 21. d4 cxd4 22. cxd4 Qb6 23. Qe3 c5 24. dxc5 Nxc5 25. Kg2 d4 26. Qxd4 Qc6+ 27. Kh2 Bb7 28. Qg1 Nd3 29. h4 Rf2+ 30. Kh3 Rg2 0-1

[Event "Abe Yanofsky mem."]
[Site "Winnipeg CAN"]
[Date "2025.08.31"]
[Round "4.3"]
[White "Salkeld, Tobias"]
[Black "Punay, Rhailey"]
[Result "1-0"]
[WhiteElo "2217"]
[BlackElo "1993"]
[WhiteFideId "-1"]
[WhiteFideId "-1"]
[PlyCount "93"]
[GameId "2226107611615280"]
[EventDate "2025.08.30"]
[EventType "swiss"]
[EventRounds "5"]
[EventCountry "CAN"]

1. e4 e5 2. Nc3 Nc6 3. Bc4 Nf6 4. d3 Na5 5. Qf3 Nxc4 6. dxc4 Bc5 7. Be3 Bxe3 8. Qxe3 d6 9. O-O-O Be6 10. b3 Nd7 11. Nge2 O-O 12. f3 f5 13. exf5 Rxf5 14. Ng3 Rf8 15. Nge4 h6 16. c5 dxc5 17. Nxc5 Qe7 18. Nxd7 Bxd7 19. Rhe1 Rfe8 20. Rd5 Bc6 21. Rxe5 Qh4 22. Rh1 Rxe5 23. Qxe5 Qf2 24. Qe2 Qc5 25. Kb2 Re8 26. Qd2 Qe5 27. Qf2 b5 28. b4 a5 29. a3 axb4 30. axb4 Bd5 31. f4 Qf6 32. Rd1 c6 33. g3 Ra8 34. Qd4 Qxd4 35. Rxd4 Rd8 36. Rd2 Kf7 37. Nxd5 cxd5 38. Kc3 Ke6 39. Kd4 Kd6 40. Re2 Rc8 41. c3 g6 42. h4 h5 43. Re5 Rc4+ 44. Kd3 d4 45. cxd4 Rxb4 46. Rg5 Rb3+ 47. Ke4 1-0

[Event "Abe Yanofsky mem."]
[Site "Winnipeg CAN"]
[Date "2025.08.31"]
[Round "4.4"]
[White "Hamm, Gabriel"]
[Black "De Groot, Steven"]
[Result "0-1"]
[WhiteElo "2059"]
[BlackElo "1936"]
[WhiteFideId "-1"]
[WhiteFideId "-1"]
[PlyCount "86"]
[GameId "2226107611615281"]
[EventDate "2025.08.30"]
[EventType "swiss"]
[EventRounds "5"]
[EventCountry "CAN"]

1. e4 c5 2. Nf3 d6 3. d4 cxd4 4. Nxd4 Nf6 5. Nc3 a6 6. h3 e5 7. Nde2 Be6 8. g4 Nbd7 9. Bg2 b5 10. Be3 Nb6 11. b3 Rc8 12. O-O Be7 13. a4 b4 14. Nd5 Bxd5 15. exd5 O-O 16. Qd2 a5 17. Ng3 Re8 18. g5 Nfd7 19. Ne4 f5 20. gxf6 Nxf6 21. Ng5 Rc3 22. Ne6 Qb8 23. Bg5 Rec8 24. Rac1 Nbd7 25. f4 Qb6+ 26. Kh2 Qe3 27. Qd1 Qg3+ 28. Kh1 h6 29. fxe5 hxg5 30. exf6 Bxf6 31. Rf3 Rxf3 32. Qxf3 Qxf3 33. Bxf3 Bb2 34. Re1 Rxc2 35. Nxg5 Be5 36. Bg4 Nf6 37. Be6+ Kf8 38. Nf7 Bg3 39. Rb1 Ke7 40. Ng5 Bf4 41. Nf3 Ne4 42. Nd4 Ng3+ 43. Kg1 Be3# 0-1

[Event "Abe Yanofsky mem."]
[Site "Winnipeg CAN"]
[Date "2025.08.31"]
[Round "4.5"]
[White "Gres, Yakiv"]
[Black "Bertrand, Nathanael"]
[Result "1-0"]
[WhiteElo "2032"]
[BlackElo "1925"]
[WhiteFideId "-1"]
[WhiteFideId "-1"]
[PlyCount "67"]
[GameId "2226107611619378"]
[EventDate "2025.08.30"]
[EventType "swiss"]
[EventRounds "5"]
[EventCountry "CAN"]

1. e4 Nc6 2. d4 e5 3. d5 Nce7 4. Nf3 Ng6 5. h4 h5 6. Nc3 Bc5 7. Qd3 Nf6 8. Bg5 a6 9. Na4 Ba7 10. d6 cxd6 11. Nc3 Bb8 12. Nd5 b5 13. a4 bxa4 14. Rxa4 Bb7 15. Bxf6 gxf6 16. Be2 a5 17. Qd2 Bc6 18. Ra3 Ba7 19. g3 Bc5 20. Ra2 Bxd5 21. Qxd5 Ne7 22. Qd3 Rg8 23. Nd2 Qb6 24. O-O Ng6 25. Nc4 Qc7 26. Kh2 Rh8 27. c3 Ke7 28. Raa1 Ra7 29. Rad1 Raa8 30. Rd2 Rab8 31. Rfd1 Bxf2 32. Nxd6 Rhg8 33. Nf5+ Ke8 34. Qf3 1-0

[Event "Abe Yanofsky mem."]
[Site "Winnipeg CAN"]
[Date "2025.08.31"]
[Round "4.6"]
[White "Rutter, Blair"]
[Black "Moleta, Johan"]
[Result "0-1"]
[WhiteElo "1931"]
[BlackElo "1813"]
[WhiteFideId "-1"]
[WhiteFideId "-1"]
[PlyCount "100"]
[GameId "2226107611619379"]
[EventDate "2025.08.30"]
[EventType "swiss"]
[EventRounds "5"]
[EventCountry "CAN"]

1. c4 c5 2. g3 Nc6 3. Bg2 g6 4. Nc3 Bg7 5. e4 e5 6. Nge2 Nge7 7. O-O O-O 8. d3 d6 9. h3 a6 10. Be3 Rb8 11. a4 Be6 12. Qd2 Nd4 13. Qd1 Nec6 14. Rb1 Qd7 15. Kh2 b5 16. axb5 axb5 17. Bxd4 cxd4 18. Nxb5 f5 19. f3 fxe4 20. fxe4 Rxf1 21. Qxf1 Rf8 22. Qe1 Bh6 23. Ng1 Be3 24. Nf3 g5 25. Qe2 g4 26. hxg4 Bxg4 27. Rf1 Qe8 28. Bh3 Qh5 29. Qg2 Rxf3 30. Rxf3 Bxf3 31. Qf1 Bg4 32. Nxd6 Qxh3+ 33. Qxh3 Bxh3 34. Kxh3 Kf8 35. Kg2 Bc1 36. b3 Ba3 37. Nb5 Be7 38. Kf3 Nb4 39. Ke2 Kg7 40. Nc7 Kf7 41. Nd5 Bf8 42. Nb6 Ke6 43. Nd5 Nxd5 44. exd5+ Kf5 45. Kf3 h5 46. Kg2 e4 47. dxe4+ Kxe4 48. Kf2 Bb4 49. Ke2 d3+ 50. Kd1 Ke3 0-1

[Event "Abe Yanofsky mem."]
[Site "Winnipeg CAN"]
[Date "2025.08.31"]
[Round "4.7"]
[White "Vaughan, Nathan"]
[Black "Kuryliw, Ray"]
[Result "1-0"]
[WhiteElo "1951"]
[BlackElo "1905"]
[WhiteFideId "-1"]
[WhiteFideId "-1"]
[PlyCount "28"]
[GameId "2226107611619380"]
[EventDate "2025.08.30"]
[EventType "swiss"]
[EventRounds "5"]
[EventCountry "CAN"]

1. e4 c6 2. d4 d5 3. exd5 cxd5 4. c4 Nf6 5. Nc3 Nc6 6. Nf3 e6 7. c5 b6 8. b4 bxc5 9. bxc5 Qc7 10. Nb5 Qa5+ 11. Bd2 Qd8 12. Bf4 Qa5+ 13. Nd2 Bb7 14. Bc7 a6 1-0

[Event "Abe Yanofsky mem."]
[Site "Winnipeg CAN"]
[Date "2025.08.31"]
[Round "4.8"]
[White "Bilugan, Mason"]
[Black "Wang, Lucas"]
[Result "0-1"]
[WhiteElo "2003"]
[BlackElo "1884"]
[WhiteFideId "-1"]
[WhiteFideId "-1"]
[PlyCount "82"]
[GameId "2226107611623477"]
[EventDate "2025.08.30"]
[EventType "swiss"]
[EventRounds "5"]
[EventCountry "CAN"]

1. c4 Nf6 2. Nc3 e6 3. Nf3 d5 4. e3 c6 5. b3 Bd6 6. d4 O-O 7. Bb2 Re8 8. Be2 Nbd7 9. O-O b6 10. Rc1 Bb7 11. cxd5 cxd5 12. Nb5 Nf8 13. Nxd6 Qxd6 14. Ne5 Ng6 15. Bd3 Rec8 16. Qe2 Qe7 17. f4 Nxe5 18. fxe5 Ne4 19. Qh5 Rxc1 20. Bxc1 Rf8 21. a3 Qd7 22. Rf3 Qc8 23. Bb2 Ba6 24. Bxe4 dxe4 25. Rf2 Bd3 26. a4 Qc7 27. d5 Qc5 28. dxe6 fxe6 29. Rxf8+ Kxf8 30. Bd4 Qc1+ 31. Kf2 Qd2+ 32. Kg3 Bf1 33. Qh3 Qe1+ 34. Kf4 Qf2+ 35. Kg5 h6+ 36. Kg6 Qf7+ 37. Kh7 g5+ 38. Kxh6 Qg7+ 39. Kh5 Be2+ 40. Qg4 Qh7+ 41. Kxg5 Qg7+ 0-1

[Event "Abe Yanofsky mem."]
[Site "Winnipeg CAN"]
[Date "2025.08.31"]
[Round "4.9"]
[White "Nagelberg, Alan"]
[Black "Pottinger, Carl"]
[Result "0-1"]
[WhiteElo "1961"]
[BlackElo "1720"]
[WhiteFideId "-1"]
[WhiteFideId "-1"]
[PlyCount "98"]
[GameId "2226107611623478"]
[EventDate "2025.08.30"]
[EventType "swiss"]
[EventRounds "5"]
[EventCountry "CAN"]

1. d4 Nf6 2. Nc3 d5 3. Bg5 Nbd7 4. Qd3 e6 5. e4 dxe4 6. Nxe4 Be7 7. Nc3 O-O 8. O-O-O Nd5 9. Bxe7 Qxe7 10. Ne4 N7f6 11. Nf3 b6 12. Ne5 Bb7 13. Ng5 Nf4 14. Qd2 Nxg2 15. Rg1 Nh4 16. Bd3 Rad8 17. Qf4 Ng6 18. Bxg6 fxg6 19. Qh4 Nh5 20. Qh3 Rf6 21. f4 c5 22. dxc5 bxc5 23. Rxd8+ Qxd8 24. Rd1 Qe8 25. Nxe6 Bc8 26. Rd8 Qxd8 27. Nxd8 Bxh3 28. Ndc6 Rxf4 29. Nxa7 Rf2 30. a4 Bf5 31. Nd3 Bxd3 32. cxd3 Nf4 33. d4 Nd3+ 34. Kd1 cxd4 35. b3 Rb2 36. a5 Rxb3 37. Kc2 Rc3+ 38. Kd2 Nc5 39. Nb5 Rc4 40. Nc7 Ra4 41. Nb5 Ra2+ 42. Kc1 d3 43. Nc3 Rc2+ 44. Kd1 Rxc3 45. h4 Ra3 46. h5 gxh5 47. a6 Rxa6 48. Kd2 Ra2+ 49. Kd1 h4 0-1